000 00393nam a22001337a 4500
020 _a0-07-001637-2
082 _a629.1 AND'I
100 _aANDERSON, JOHN D
_91520
245 _aINTRODUCTION TO FLIGHT ITS ENGINEERING AND HISTORY
260 _aNEWYORK
_bMCGRAW HILL
_c1978
300 _a432P
650 _aFLIGHT AERODYNAMICS SPACE FLIGHT AIRPLANE DESIGN AND CONSTRUCTION
_976153
942 _cBK
999 _c581567
_d581567